|
|
|
|
| LEADER |
01090nam a2200253 a 4500 |
| 001 |
000075082 |
| 003 |
CZ BrMZK |
| 005 |
20120607151810.0 |
| 007 |
ta |
| 008 |
960710s1996 xr f eng d |
| 020 |
|
|
|a 80-901658-4-2
|
| 040 |
|
|
|a BOA001
|b cze
|
| 080 |
|
|
|a 621.395(061.3)
|2 MRF
|
| 080 |
|
|
|a 681.324(061.3)
|2 MRF
|
| 245 |
0 |
0 |
|a COMINFO :
|b International Conference on Communications and Information Technologies : Prague, Czech Republic, January 9 - 11, 1996 : [proceedings /
|c edited by A. Kuchar, M. Khodl]
|
| 246 |
3 |
|
|a ESSENTIA '96 International Technology Forum
|
| 260 |
|
|
|a Prague :
|b Institute of Radio Engineering an Electronics Academy of Sciences of the Czech Republic,
|c 1996
|
| 300 |
|
|
|a 1 sv. (různé stránkování) :
|b il. ;
|c 30 cm
|
| 653 |
0 |
|
|a informační sítě
|a počítačové sítě
|a technologie
|a telekomunikace
|
| 700 |
1 |
|
|a Khodl, Miroslav
|7 mzk2011662096
|4 edt
|
| 700 |
1 |
|
|a Kuchar, A.
|4 edt
|
| 910 |
|
|
|a BOA001
|b TK-A-0259.191,1996
|
| 990 |
|
|
|a BK
|
| 996 |
7 |
|
|b 2620004442
|c TK-A-0259.191/1996
|l MZK
|r Sklad / do 24 hodin
|n 0
|p dar
|w 000075082
|u 000010
|a 1
|e BOA001
|j MZK50
|s A
|